Essays on the life and work of Newton

Guardat en:
Dades bibliogràfiques
Autor principal: Morgan, Augustus de (autor)
Format: Llibre
Idioma:anglès
Publicat: Chicago The Open Court Publishing 1914
Matèries:
Etiquetes: Afegir etiqueta
Sense etiquetes, Sigues el primer a etiquetar aquest registre!

MARC

LEADER 00000nam a2200000 a 4500
001 UCH1128
003 CL-VaPUC
005 20220819113606.0
008 090409e19140000US |||||||||||||||||eng|d
999 |c 333204  |d 333202 
040 |c Pontificia Universidad Católica de Valparaíso 
082 0 4 |a 925.2  |b MOR  |2 21 
100 |a Morgan, Augustus de  |e autor  |9 535475 
245 1 0 |a Essays on the life and work of Newton 
260 |a Chicago  |b The Open Court Publishing  |c 1914 
300 |a 198 p 
583 |a last modification  |c 20090409 00:00:00  |k Rodrigo Vera 
600 0 |a Newton, Isaac,   |d 1642-1727  |9 875680 
650 0 |a Biografías  |9 255210 
650 0 |a Científicos   |9 262025 
650 7 |a FISICOS  |2 CL-VaPUC  |9 263707 
942 |c BK  |2 ddc 
945 |d 20090409 00:00:00  |a rbrito 
952 |0 0  |1 0  |4 0  |6 925_200000000000000_MOR_1914  |7 0  |8 A  |9 421418  |a BIBCUR  |b BIBCUR  |d 2019-11-22  |i 453252K  |o 925.2 MOR 1914  |p 453252K  |r 2025-04-22  |w 2019-11-22  |y BK  |k FIS